MODERN POWER SYSTEM ANALYSIS (Record no. 56215)
[ view plain ]
| 000 -LEADER | |
|---|---|
| fixed length control field | nam a22 7a 4500 |
| 003 - CONTROL NUMBER IDENTIFIER | |
| control field | OSt |
| 005 - DATE AND TIME OF LATEST TRANSACTION | |
| control field | 20221229155954.0 |
| 008 - FIXED-LENGTH DATA ELEMENTS--GENERAL INFORMATION | |
| fixed length control field | 221229b xxu||||| |||| 00| 0 eng d |
| 040 ## - CATALOGING SOURCE | |
| Transcribing agency | IIMT COLLEGE OF POLYTECHNIC |
| 100 ## - MAIN ENTRY--PERSONAL NAME | |
| Personal name | KOTHARI, D.P. |
| 245 ## - TITLE STATEMENT | |
| Title | MODERN POWER SYSTEM ANALYSIS |
| 260 ## - PUBLICATION, DISTRIBUTION, ETC. | |
| Place of publication, distribution, etc. | DELHI |
| Name of publisher, distributor, etc. | Mc Graw Hill |
| Date of publication, distribution, etc. | 2021 |
| 300 ## - PHYSICAL DESCRIPTION | |
| Extent | 849 |
| 942 ## - ADDED ENTRY ELEMENTS (KOHA) | |
| Source of classification or shelving scheme | |
| Koha item type | Book Bank |
| Withdrawn status | Lost status | Source of classification or shelving scheme | Damaged status | Not for loan | Home library | Current library | Date acquired | Inventory number | Total Checkouts | Barcode | Date last seen | Price effective from | Koha item type |
|---|---|---|---|---|---|---|---|---|---|---|---|---|---|
| NOIDA College IIMT College of Polytechnice | NOIDA College IIMT College of Polytechnice | 12/29/2022 | HO/IN/140 | 10-B-20848 | 12/29/2022 | 12/29/2022 | Book Bank | ||||||
| NOIDA College IIMT College of Polytechnice | NOIDA College IIMT College of Polytechnice | 12/29/2022 | HO/IN/140 | 10-B-20849 | 12/29/2022 | 12/29/2022 | Book Bank | ||||||
| NOIDA College IIMT College of Polytechnice | NOIDA College IIMT College of Polytechnice | 12/29/2022 | HO/IN/140 | 10-B-20850 | 12/29/2022 | 12/29/2022 | Book Bank |

